| 000 -LEADER | |
|---|---|
| fixed length control field | 00387nam a22001697a 4500 |
| 005 - DATE AND TIME OF LATEST TRANSACTION | |
| control field | 20161129130809.0 |
| 008 - FIXED-LENGTH DATA ELEMENTS--GENERAL INFORMATION | |
| fixed length control field | 160628b xxu||||| |||| 00| 0 eng d |
| 020 ## - INTERNATIONAL STANDARD BOOK NUMBER | |
| ISBN | 978-0-140-27833-0 |
| 041 ## - LANGUAGE CODE | |
| Language code of text/sound track or separate title | eng |
| 082 ## - DEWEY DECIMAL CLASSIFICATION NUMBER | |
| Item number | 10564 |
| 100 ## - MAIN ENTRY--AUTHOR NAME | |
| Personal name | Abdul Kalam, A.P.J. |
| 245 ## - TITLE STATEMENT | |
| Title | India 2020 |
| 260 ## - PUBLICATION, DISTRIBUTION, ETC. (IMPRINT) | |
| Name of publisher | Penguin India |
| Year of publication | 2002 |
| 300 ## - PHYSICAL DESCRIPTION | |
| Number of Pages | 304 |
| 650 ## - SUBJECT ADDED ENTRY--TOPICAL TERM | |
| Topical Term | Management |
| 942 ## - ADDED ENTRY ELEMENTS (KOHA) | |
| Koha item type | Books |
| Lost status | Damaged status | Home library | Date acquired | Cost, normal purchase price | Full call number | Accession Number | Koha item type | Current library | Shelving location | Collection code |
|---|---|---|---|---|---|---|---|---|---|---|
| JRU Library | 28/06/2016 | 299.00 | 10564 | 10564 | Books | |||||
| JRU Library | 28/06/2016 | 299.00 | 10564 | 10565 | Books | JRU Library | SHELF-103-G | |||
| JRU Library | 28/06/2016 | 299.00 | 10564 | 10566 | Books | JRU Library | SHELF-103-G | LIFE SKILL | ||
| JRU Library | 28/06/2016 | 299.00 | 10564 | 10567 | Books | JRU Library | SHELF-103-G | LIFE SKILL | ||
| JRU Library | 28/06/2016 | 299.00 | 10564 | 10568 | Books | SHELF-103-G |